Desde fines del medioevo hasta fines de la modernidad /

Guardado en:
Autor Principal: Vázquez de Fernández, Silvia A.
Formato: Libro
Publicado: Buenos Aires : Kapelusz
Series:Sociedades y tiempo. Historia
Materias:
Etiquetas: Agregar Etiqueta
Sin Etiquetas, Sea el primero en etiquetar este registro!
LEADER 01383nam a22002175a 4500
001 CEM.cems011396
005 20071002145331.0
008 130507b######################000#0#####d
003 CEMS
082 0 4 |a Z940.2 
100 1 |a Vázquez de Fernández, Silvia A. 
245 1 0 |a Desde fines del medioevo hasta fines de la modernidad /  |c Silvia A. Vázquez de Fernández 
260 |a Buenos Aires :  |b Kapelusz 
300 |a 264 p. 
490 0 |a Sociedades y tiempo. Historia 
505 0 |a Los tiempos modernos (1453-1789) -- La renovación económica y social en los inicios de la modernidad -- La renovación política en los inicios de la modernidad -- La expansión europea. Conquista y colonización de América (Siglos XV al XVII) -- La evolución de las monarquías europeas: el esplendor del absolutismo y el despotismo ilustrado (Siglos XVII al XVIII) -- Las relaciones entre europa y América durante los siglos XVII y XVIII -- Los tiempos contemporáneos hasta principio del siglo XIX -- Los inicios de los tiempos contemporáneos a partir de la Doble Revolución -- La liberación de los lazos coloniales y el origen del estado en la Argentina (hasta 1830) 
653 |a Historia 
653 |a Historia moderna 
653 |a Historia-3er egb 
859 |a CEMS  |b BIB. CEMS - 11 de abril  |h Z940.2  |i V443-1  |p 22314.03  |t Ej.1 
859 |a CEMS  |b BIB. CEMS - 11 de abril  |h Z940.2  |i V443-1  |p 22405.04  |t Ej.2